header

Functional approaches to language, culture, and cognition (Record no. 2707)

MARC details
000 -LEADER
fixed length control field 01821nam a2200421 a 4500
082 04 - DEWEY DECIMAL CLASSIFICATION NUMBER
Classification number 410.18
245 00 - TITLE STATEMENT
Title Functional approaches to language, culture, and cognition
260 ## - PUBLICATION, DISTRIBUTION, ETC. (IMPRINT)
Place of publication Amsterdam ;
-- [Great Britain] :
Name of publisher Benjamins,
Year of publication c2000.
300 ## - PHYSICAL DESCRIPTION
Number of Pages xxxiv, 656 p. :
Other physical details ill., 1 port.
490 1# - SERIES STATEMENT
Series statement Amsterdam studies in the theory and history of linguistic science. Series 4, Current issues in linguistic theory,
650 #0 - SUBJECT ADDED ENTRY--TOPICAL TERM
Topical Term Functionalism (Linguistics)
Topical Term Cognitive grammar.
Topical Term Historical linguistics.
Topical Term Language and culture.
700 1# - ADDED ENTRY--PERSONAL NAME
Personal name Lamb, Sydney M.
Personal name Lockwood, David G.
Personal name Fries, Peter Howard.
Personal name Copeland, James E.
856 40 - ELECTRONIC LOCATION AND ACCESS
Uniform Resource Identifier http://site.ebrary.com/lib/rucke/Doc?id=5000224

No items available.

© 2026 Rongo University
Contact us: librarian | system librarian | Rongo university